000 00593nam a2200241Ia 4500
003 OSt
005 20221005121337.0
006 a|||||r|||| 00| 0
007 ta
008 221004b |||||||| |||| 00| 0 mar d
024 _a40494
037 _cTextual
040 _aCRL
_cCRL
_bmar
041 _2mar
_amar
082 _aR66,6xG90w, 155F4
100 _aParakh
_9516432
245 0 _aGyanswarmahrajacy charit
260 _c1924
300 _a199p.
_ccm.
650 _aPHILOSOPHY
942 _hR66,6xG90w, 155F4
_cTEXL
_2cc
999 _c1040842
_d1040842